| 000 | 00406nam a2200145Ia 4500 | ||
|---|---|---|---|
| 008 | 230917s9999||||xx |||||||||||||| ||und|| | ||
| 040 |
_e115948 _aMAIN |
||
| 041 | _aEnglish | ||
| 082 | _a510 M72M | ||
| 100 | _aSiddiqi, A.H | ||
| 245 | 0 | _aModern Mathematical models, Methods and algorithms for real world systems | |
| 260 |
_aNew Delhi _bAnamaya Publishers _c2007 |
||
| 300 | _avii, 477 p. | ||
| 942 | _cBK | ||
| 999 |
_c142441 _d142441 |
||